Costa Rica : (Registro nro. 2031)

Detalles MARC
000 -CABECERA
Campo de control 01282nam a2200361 i 4500
005 - FECHA Y HORA DE LA ULTIMA TRANSACCION
Campo de control 20200104041526.0
008 - ELEMENTOS DE LONGITUD FIJA—INFORMACION GENERAL
Campo de control 140304s1998 ||||| |||| 00| 0 spa d
040 ## - FUENTE DE CATALOGACIÓN
Agencia catalogadora original CO-BoIAVH
Agencia transcriptora CO-BoIAVH
041 ## - IDIOMA
Código de idioma para texto/pista de sonido o título separado Español
Código de idioma de la versión original y/o traducciones intermedias del texto Inglés
044 ## - PAÍS DE PUBLICACIÓN
País de publicación Costa Rica
082 04 - NUMERO DE CLASIFICACION DECIMAL DEWEY
Número de clasificación 333.95
Número del ítem C83c
245 00 - MENCION DE TITULO
Título Costa Rica :
Parte restante del título national strategy for the conservation and sustainable use of biodiversity, summary
246 ## - FORMA VARIANTE DEL TITULO
Título propiamente dicho/forma breve del título Costa Rica
Parte restante del título estrategia nacional de conservación y uso sostenible de la biodiversidad, resumen
260 ## - PUBLICACION, DISTRIBUCION, ETC. (PIE DE IMPRENTA)
Lugar de publicación, distribución, etc. San José :
Nombre del editor, distribuidor, etc. MINAE,
-- INBio
-- SINAC
Fecha de publicación, distribución, etc. 1998?
300 ## - DESCRIPCION FISICA
Extensión 34 p.
650 ## - ASIENTO SECUNDARIO DE MATERIA - TERMINO TEMATICO
Término temático o nombre geográfico como elemento de entrada Estrategias nacionales de biodiversidad
9 (RLIN) 3646
650 ## - ASIENTO SECUNDARIO DE MATERIA - TERMINO TEMATICO
Término temático o nombre geográfico como elemento de entrada Conservación de biodiversidad
9 (RLIN) 345
650 ## - ASIENTO SECUNDARIO DE MATERIA - TERMINO TEMATICO
Término temático o nombre geográfico como elemento de entrada Uso sostenible
9 (RLIN) 344
650 ## - ASIENTO SECUNDARIO DE MATERIA - TERMINO TEMATICO
Término temático o nombre geográfico como elemento de entrada Biodiversidad
9 (RLIN) 92204
650 ## - ASIENTO SECUNDARIO DE MATERIA - TERMINO TEMATICO
Término temático o nombre geográfico como elemento de entrada Conservación ex situ
9 (RLIN) 4301
650 ## - ASIENTO SECUNDARIO DE MATERIA - TERMINO TEMATICO
Término temático o nombre geográfico como elemento de entrada Conservación in situ
9 (RLIN) 3264
650 ## - ASIENTO SECUNDARIO DE MATERIA - TERMINO TEMATICO
Término temático o nombre geográfico como elemento de entrada Servicios ambientales
9 (RLIN) 51310
650 ## - ASIENTO SECUNDARIO DE MATERIA - TERMINO TEMATICO
Término temático o nombre geográfico como elemento de entrada Incentivos
9 (RLIN) 51311
650 ## - ASIENTO SECUNDARIO DE MATERIA - TERMINO TEMATICO
Término temático o nombre geográfico como elemento de entrada Acceso a recursos genéticos
9 (RLIN) 51312
650 ## - ASIENTO SECUNDARIO DE MATERIA - TERMINO TEMATICO
Término temático o nombre geográfico como elemento de entrada Propiedad intelectual
9 (RLIN) 51313
650 ## - ASIENTO SECUNDARIO DE MATERIA - TERMINO TEMATICO
Término temático o nombre geográfico como elemento de entrada Bioseguridad
9 (RLIN) 51314
650 ## - ASIENTO SECUNDARIO DE MATERIA - TERMINO TEMATICO
Término temático o nombre geográfico como elemento de entrada Biotecnología
9 (RLIN) 51315
662 ## - ASIENTO SECUNDARIO DE MATERIA - JERARQUIA DEL NOMBRE DE LUGAR(
País o entidad mayor Costa Rica
700 1# - ASIENTO SECUNDARIO - NOMBRE PERSONAL
Nombre personal García, Randall
Término de relación editor.
9 (RLIN) 14196
700 1# - ASIENTO SECUNDARIO - NOMBRE PERSONAL
Nombre personal Marín, Patricia
Término de relación editora.
9 (RLIN) 14197
700 1# - ASIENTO SECUNDARIO - NOMBRE PERSONAL
Nombre personal Sevilla, Lesbia
Término de relación editora.
9 (RLIN) 14198
942 ## - ELEMENTOS ADICIONALES (KOHA)
Tipo de ítem Libro
Sistema de clasificación Dewey Decimal Classification
Existencias
Withdrawn status Lost status Sistema de Clasificación Damaged status No para préstamo Colección Inventariado Ubicación Permanente Ubicación actual Fecha de adquisición Fuente de Valor Valor Total Checkouts Número topográfico Inventario / Código de Barras Date last seen Ejemplar Price effective from Forma de adquisición Tipo de material
    Dewey Decimal Classification     General Inventariado 2017 Bogotá Bogotá 01/06/2001 Instituto 39000.00   LB-333.95 C83c 002518 04/12/2012 Ej. 1 04/12/2012   Libro
    Dewey Decimal Classification     General Inventariado 2017 Sala Fabio Quevedo Sala Fabio Quevedo 29/01/2001 Instituto 39000.00   LB-333.95 C83c 002519 04/12/2012 Ej. 2 04/12/2012 Donación Libro